[Event "Warsaw Chess Open - A"]
[Site "Warszawa"]
[Date "1899-12-30"]
[Round "1.1"]
[White "Heberla, Bartlomiej"]
[Black "Praczukowski, Stanislaw"]
[Result "1-0"]
[WhiteTitle "GM"]
[BlackTitle "k"]
[WhiteElo "2559"]
[BlackElo "2156"]

1. d4 d5 2. c4 c6 3. Nc3 Nf6 4. Nf3 e6 5. Bg5 dxc4 6. e4 b5 7. a4 Bb4 8. e5 h6
9. exf6 hxg5 10. fxg7 Rg8 11. g3 Bb7 12. Bg2 Nd7 13. h4 gxh4 14. Rxh4 Qf6 15.
Nd2 O-O-O 16. axb5 cxb5 17. Bxb7+ Kxb7 18. Rf4 Qxg7 19. Nxb5 a5 20. Qf3+ Kb6 21.
Nc3 1-0

[Event "Warsaw Chess Open - A"]
[Site "Warszawa"]
[Date "1899-12-30"]
[Round "1.2"]
[White "Alvarado, Carlos"]
[Black "Chatalbashev, Boris"]
[Result "0-1"]
[WhiteTitle "I"]
[BlackTitle "GM"]
[WhiteElo "2152"]
[BlackElo "2535"]

1. d4 Nf6 2. Nf3 c5 3. d5 e6 4. c4 exd5 5. cxd5 d6 6. Nc3 g6 7. g3 Bg7 8. Bg2 O-O
9. O-O Re8 10. Bf4 Bg4 11. h3 Bxf3 12. Bxf3 a6 13. a4 Qe7 14. g4 Nfd7 15. e3 Ne5
16. Be2 Nbd7 17. a5 c4 18. Na4 Rac8 19. Kg2 f5 20. Bg3 Qf7 21. Nc3 Nc5 22. gxf5
Qxf5 23. f4 Ned3 24. Bg4 Nxb2 25. Qe2 Qd3 26. Bxc8 Bxc3 27. Bg4 Qxe2+ 28. Bxe2
Rxe3 29. Bg4 Ne4 30. Bh2 Rd3 31. Bg1 Bd4 32. Rae1 Nf6 33. Bc8 Rd2+ 34. Kf3 Rd3+
35. Kg2 Rd2+ 36. Kf3 Bxg1 37. Rxg1 Nxd5 38. Bxb7 Rd3+ 39. Kg4 Ne3+ 40. Kg5 Kg7
41. f5 Nxf5 42. Bxa6 Rd4 0-1

[Event "Warsaw Chess Open - A"]
[Site "Warszawa"]
[Date "1899-12-30"]
[Round "1.3"]
[White "Rozentalis, Eduardas"]
[Black "Kaczmarek, Arkadiusz"]
[Result "1-0"]
[WhiteTitle "GM"]
[BlackTitle "I++"]
[WhiteElo "2520"]
[BlackElo "2147"]

1. e4 e6 2. d4 d5 3. Nd2 dxe4 4. Nxe4 Bd7 5. Nf3 Bc6 6. Bd3 Nd7 7. O-O Ngf6 8.
Ng3 Be7 9. Re1 Bxf3 10. Qxf3 c6 11. c3 O-O 12. h4 Re8 13. h5 h6 14. Bf4 a5 15.
Be5 Qb6 16. Qe2 c5 17. Bb5 Red8 18. a4 cxd4 19. Bxd4 Bc5 20. Rad1 Bxd4 21. Rxd4
Nc5 22. Red1 Rxd4 23. Rxd4 Rd8 24. b4 axb4 25. Rxd8+ Qxd8 26. cxb4 Ncd7 27. a5
Qc7 28. Bxd7 Nxd7 29. Qd2 Qc6 30. Ne2 Ne5 31. Qd8+ Kh7 32. Qd4 Qc7 33. b5 Nd7
34. Qe4+ Kg8 35. b6 Nxb6 36. axb6 Qxb6 37. g4 Qb5 38. Kg2 Qb3 39. Nf4 Qb5 40.
Nd3 Qb6 41. Ne5 Qd6 42. Kh3 Qc7 43. Qd4 Qc1 44. Qd8+ Kh7 45. Nxf7 Qh1+ 46. Kg3
Qg1+ 47. Kf3 Qh1+ 48. Kf4 Qc1+ 49. Ke5 Qc5+ 50. Kxe6 Qc6+ 51. Ke7 Qe4+ 52. Kf8
b5 53. Qd7 Qa8+ 54. Nd8 Qa3+ 55. Ke8 Qa8 56. f4 Qb8 57. Qf5+ Kg8 58. g5 Qd6 59.
g6 1-0

[Event "Warsaw Chess Open - A"]
[Site "Warszawa"]
[Date "1899-12-30"]
[Round "1.4"]
[White "Skrzypczak, Piotr"]
[Black "Laurusas, Tomas"]
[Result "0-1"]
[WhiteTitle "k"]
[BlackTitle "IM"]
[WhiteElo "2144"]
[BlackElo "2518"]

1. d4 Nf6 2. c4 e6 3. Nf3 d5 4. Nc3 c6 5. e3 Nbd7 6. Qc2 Bd6 7. b3 O-O 8. Be2 b6
9. O-O Bb7 10. Bb2 dxc4 11. bxc4 c5 12. Rfd1 cxd4 13. exd4 Qb8 14. h3 Rc8 15.
a4 a6 16. Qb3 Ra7 17. Ba3 Bf4 18. Rab1 Qc7 19. d5 exd5 20. Nxd5 Bxd5 21. cxd5
Bd6 22. Bb2 Re8 23. Bf1 Ne4 24. Bd4 Bc5 25. Qb2 Qd6 26. Rbc1 Raa8 27. Rc2 Bxd4
28. Qxd4 Nec5 29. Qa1 Re4 30. Rc4 Rae8 31. Qa2 Nf6 32. Rcd4 g6 33. Qa3 Rxd4 34.
Rxd4 Re4 35. Rxe4 Nfxe4 36. Bc4 Nxf2 37. Nd4 Qf4 0-1

[Event "Warsaw Chess Open - A"]
[Site "Warszawa"]
[Date "1899-12-30"]
[Round "1.5"]
[White "Teclaf, Pawel"]
[Black "Karolczuk, Iwo"]
[Result "1-0"]
[WhiteTitle "IM"]
[BlackTitle "k"]
[WhiteElo "2514"]
[BlackElo "2129"]

1. Nf3 c5 2. c4 g6 3. d4 Bg7 4. Nc3 cxd4 5. Nxd4 Nc6 6. e3 Nf6 7. Be2 O-O 8. Nc2
d6 9. O-O Be6 10. e4 Rc8 11. Bd2 Na5 12. b3 b5 13. e5 Nd7 14. Nxb5 Nc6 15. exd6
Bxa1 16. Qxa1 f6 17. Nb4 Nde5 18. f4 Nf7 19. Nxc6 Rxc6 20. Bf3 Nxd6 21. Nd4 Bd7
22. Bxc6 Bxc6 23. Ne6 Qd7 24. Nxf8 Qg4 25. Rf2 Ne4 26. h3 Qf5 27. Re2 Kxf8 28.
Qd4 a6 29. b4 Nd6 30. Qe3 Ne4 31. a4 1-0

[Event "Warsaw Chess Open - A"]
[Site "Warszawa"]
[Date "1899-12-30"]
[Round "1.6"]
[White "Jarzebowski, Kacper"]
[Black "Sonis, Francesco"]
[Result "0-1"]
[WhiteTitle "k+"]
[BlackTitle "IM"]
[WhiteElo "2110"]
[BlackElo "2501"]

1. d4 Nf6 2. c4 e6 3. Nc3 Bb4 4. e3 O-O 5. Bd2 b6 6. Nf3 Bb7 7. Bd3 d5 8. cxd5
exd5 9. Qc2 Be7 10. Ne5 c5 11. O-O Nc6 12. Nxc6 Bxc6 13. f3 Bd6 14. Be1 Qc7 15.
g3 Rfe8 16. Bf2 c4 17. Bf5 g6 18. Bh3 b5 19. a3 a5 20. a4 b4 21. Nb5 Bxb5 22.
axb5 b3 23. Qc1 a4 24. b6 Qxb6 25. e4 dxe4 26. fxe4 Nxe4 27. Bg2 Qb5 28. Re1 f5
29. Bxe4 fxe4 0-1

[Event "Warsaw Chess Open - A"]
[Site "Warszawa"]
[Date "1899-12-30"]
[Round "1.7"]
[White "Janik, Igor"]
[Black "Razdolski, Ilya"]
[Result "1-0"]
[WhiteTitle "IM"]
[BlackTitle ""]
[WhiteElo "2500"]
[BlackElo "2109"]

1. d4 Nf6 2. c4 g6 3. Nf3 Bg7 4. g3 d6 5. Bg2 O-O 6. O-O Nc6 7. Nc3 Rb8 8. Qc2
Nd7 9. Rd1 e5 10. d5 Nb4 11. Qb1 Nb6 12. Nd2 Bf5 13. e4 Bd7 14. a3 Na6 15. b4
c5 16. dxc6 bxc6 17. Qd3 Bg4 18. Bf3 Bc8 19. Nb3 Qf6 20. Be2 d5 21. cxd5 Nc7 22.
dxc6 Qxc6 23. Na5 Qf6 24. Be3 Ne6 25. Bxb6 axb6 26. Nd5 Qg5 27. h4 Qh6 28. Nc6
Rb7 29. Nce7+ Kh8 30. Nxc8 Rxc8 31. Bg4 f5 32. exf5 e4 33. Qa6 Rbb8 34. f6 1-0

[Event "Warsaw Chess Open - A"]
[Site "Warszawa"]
[Date "1899-12-30"]
[Round "1.8"]
[White "Zgadzaj, Rafal"]
[Black "Jakubowski, Krzysztof"]
[Result "0-1"]
[WhiteTitle "k"]
[BlackTitle "GM"]
[WhiteElo "2083"]
[BlackElo "2497"]

1. c4 e5 2. Nc3 Bb4 3. Qc2 Nf6 4. a3 Bxc3 5. Qxc3 Nc6 6. b4 O-O 7. b5 Nd4 8. e3
Re8 9. Ne2 Ne4 10. Qd3 Nc5 11. Qc3 Qf6 12. Ng3 Qg6 13. Ra2 a6 14. Be2 Nxe2 15.
Kxe2 axb5 16. cxb5 d6 17. Rd1 h5 18. d4 Na4 19. Qc2 h4 20. Nf1 Qxg2 21. Re1 exd4
0-1

[Event "Warsaw Chess Open - A"]
[Site "Warszawa"]
[Date "1899-12-30"]
[Round "1.9"]
[White "Pultinevicius, Paulius"]
[Black "Dwilewicz, Katarzyna"]
[Result "1-0"]
[WhiteTitle "GM"]
[BlackTitle "WFM"]
[WhiteElo "2492"]
[BlackElo "2082"]

1. d4 Nf6 2. c4 e6 3. Nf3 d5 4. Nc3 c6 5. Nd2 c5 6. dxc5 Bxc5 7. cxd5 exd5 8. Nb3
Bb6 9. Na4 Bc7 10. Bg5 Nc6 11. e3 h6 12. Bh4 O-O 13. Be2 Re8 14. Nc3 Be5 15. Bg3
Bxc3+ 16. bxc3 Ne4 17. Rc1 Qf6 18. Nd4 Bd7 19. Nb5 Nxg3 20. hxg3 Qe5 21. Rh5 f5
22. c4 a6 23. cxd5 axb5 24. dxc6 Bxc6 25. g4 g6 26. Rxh6 Kg7 27. g5 Rxa2 28. Bh5
gxh5 29. Qxh5 Kf8 30. Rf6+ Ke7 31. Qf7+ Kd8 32. Qxa2 f4 33. Qa5+ Kc8 34. Rcxc6+
bxc6 35. Qa8+ Kd7 36. Qxc6+ Ke7 37. Rxf4 Qa1+ 38. Ke2 Qa2+ 39. Kf3 1-0

[Event "Warsaw Chess Open - A"]
[Site "Warszawa"]
[Date "1899-12-30"]
[Round "1.10"]
[White "Goraj, Barbara"]
[Black "Pacan-milej, Kosma"]
[Result "0-1"]
[WhiteTitle "WCM"]
[BlackTitle "FM"]
[WhiteElo "2076"]
[BlackElo "2421"]

1. e4 c6 2. d4 d5 3. exd5 cxd5 4. Bd3 Nc6 5. c3 Qc7 6. Ne2 Bg4 7. O-O e6 8. Qe1
Nf6 9. f3 Bh5 10. Qh4 Bg6 11. Bxg6 fxg6 12. Nf4 Kf7 13. Nh3 Re8 14. Kh1 e5 15.
dxe5 Nxe5 16. Bf4 h6 17. Nd2 Bd6 18. Bxe5 Rxe5 19. Rfe1 Rhe8 20. Rxe5 Re7 21.
Re6 Rxe6 22. Qf2 Re5 23. Nf1 Qe7 24. Qxa7 Re2 25. Qa4 Bc5 26. Qb5 Rxg2 27. Nf4
Rf2 28. Qd3 Bd6 29. Qxg6+ Kg8 30. Nh5 Nxh5 31. Qxh5 Qe2 32. Ng3 Bxg3 33. hxg3
Kh8 34. b3 Rxf3 35. Qxd5 Rxg3 36. Rd1 Rh3+ 37. Kg1 Qg4+ 38. Kf2 Qf4+ 39. Ke2 Qe3+
40. Kf1 Rf3+ 41. Kg2 Qf2+ 42. Kh1 Rh3# 0-1

[Event "Warsaw Chess Open - A"]
[Site "Warszawa"]
[Date "1899-12-30"]
[Round "1.11"]
[White "Nguyen, Piotr"]
[Black "Bugajski, Robert"]
[Result "1-0"]
[WhiteTitle "IM"]
[BlackTitle "FM"]
[WhiteElo "2411"]
[BlackElo "2066"]

1. c4 e5 2. g3 Nf6 3. Bg2 Nc6 4. Nc3 Bc5 5. e3 O-O 6. Nge2 Re8 7. O-O d6 8. d4
Bb6 9. h3 a6 10. a3 Ne7 11. b4 exd4 12. exd4 c6 13. Bg5 Ng6 14. Qd2 h6 15. Be3
d5 16. c5 Bc7 17. a4 Bf5 18. b5 axb5 19. axb5 Rxa1 20. Rxa1 Ne4 21. Nxe4 Bxe4
22. Ra7 Bxg2 23. Kxg2 Qb8 24. Qa2 cxb5 25. Ra3 Qd8 26. Rb3 b6 27. cxb6 Bxb6 28.
Rxb5 Ne7 29. g4 Bc7 30. Rb7 Bd6 31. Qa4 Kf8 32. Qb5 Qc8 33. Qd7 Rd8 34. Qxc8 Rxc8
35. Kf3 f6 36. Bd2 Rc7 37. Rb6 Rc6 38. Rb5 Kf7 39. Ke3 g5 40. Kd3 Ra6 41. Bc1
Ke6 42. Nc3 Ra1 43. Kc2 Ra6 44. Be3 Rc6 45. Kd3 Ra6 46. Bd2 Rc6 47. Rb7 Rc7 48.
Rb5 Rc6 49. Rb7 Rc7 50. Rb6 Rc6 51. Rb5 Ra6 52. Rb7 Rc6 53. Nb5 Nc8 54. Rh7 Rb6
55. Nc3 Bf8 56. f4 Rb8 57. f5+ Kd6 58. Rh8 Na7 59. Bc1 Kc7 60. Nxd5+ Kc6 61. Nxf6
Rb3+ 62. Ke4 Bg7 63. Rh7 Bxf6 64. Rxh6 Nb5 65. Rxf6+ Kd7 66. Rf7+ Ke8 67. Rh7
Nd6+ 68. Kd5 Nf7 69. Rh5 1-0

[Event "Warsaw Chess Open - A"]
[Site "Warszawa"]
[Date "1899-12-30"]
[Round "1.12"]
[White "Choroszej, Aleksander"]
[Black "Fus, Jakub"]
[Result "0-1"]
[WhiteTitle "k"]
[BlackTitle "FM"]
[WhiteElo "2052"]
[BlackElo "2403"]

1. d4 Nf6 2. c4 e6 3. Nc3 Bb4 4. f3 c5 5. d5 d6 6. e4 O-O 7. Nge2 exd5 8. cxd5
b5 9. Ng3 a6 10. Be2 Re8 11. O-O Nbd7 12. a4 bxa4 13. Qxa4 Nb6 14. Qc2 Nfd7 15.
Kh1 Nf8 16. f4 Nbd7 17. Bd2 h6 18. Rae1 Ng6 19. Bh5 Ra7 20. e5 dxe5 21. Bxg6 fxg6
22. Qxg6 Nf8 23. Qh5 Rae7 24. fxe5 Bxc3 25. Bxc3 Qxd5 26. Nf5 Bxf5 27. Qxf5 Rf7
28. Qh5 Ree7 29. Qe2 Ne6 30. Rd1 Qb7 31. Qg4 Rxf1+ 32. Rxf1 Qb5 33. Qf3 Re8 34.
Qf7+ Kh8 35. Rd1 Rf8 0-1

[Event "Warsaw Chess Open - A"]
[Site "Warszawa"]
[Date "1899-12-30"]
[Round "1.13"]
[White "Rajlich, Iweta"]
[Black "Krasiewicz, Robert"]
[Result "1-0"]
[WhiteTitle "IM"]
[BlackTitle "k+"]
[WhiteElo "2393"]
[BlackElo "2049"]

1. Nf3 g6 2. g3 Bg7 3. Bg2 e5 4. O-O d5 5. c4 c6 6. d3 Ne7 7. e4 O-O 8. Nc3 dxc4
9. dxc4 Be6 10. b3 Qa5 11. Bb2 Rd8 12. Qe1 Qa6 13. Ng5 Bd7 14. Rd1 h6 15. Nf3
Re8 16. Na4 Bg4 17. h3 Bxf3 18. Bxf3 b5 19. Nc3 bxc4 20. Be2 Qc8 21. Bxc4 Qxh3
22. Rd2 Nd7 23. f3 Nb6 24. g4 Nxc4 25. bxc4 Rab8 26. Ba3 Nf5 27. gxf5 Qh5 28.
Qg3 gxf5 29. Rg2 Qg5 30. exf5 Qxg3 31. Rxg3 Kh7 32. Ne4 Red8 33. f6 Bh8 34. Bc1
Rd4 35. c5 Rc4 36. Rh3 Rg8+ 37. Kf2 Rg6 38. Bxh6 Rxh6 39. Rxh6+ Kxh6 40. Rh1+
Kg6 41. Rxh8 Rc2+ 42. Ke3 Rxa2 43. Rc8 Ra6 44. Rc7 Ra3+ 45. Kf2 Kf5 46. Kg3 1-0

[Event "Warsaw Chess Open - A"]
[Site "Warszawa"]
[Date "1899-12-30"]
[Round "1.14"]
[White "Harazinska, Magdalena"]
[Black "Sieciechowicz, Marcin"]
[Result "1/2-1/2"]
[WhiteTitle "WFM"]
[BlackTitle "IM"]
[WhiteElo "2034"]
[BlackElo "2386"]

1. d4 Nf6 2. c4 g6 3. Nc3 d5 4. Bg5 Ne4 5. Bf4 Nxc3 6. bxc3 Bg7 7. e3 O-O 8. Nf3
c5 9. cxd5 Qxd5 10. Be2 cxd4 11. cxd4 Qa5+ 12. Qd2 Nc6 13. Qxa5 Nxa5 14. O-O Be6
15. Rfc1 Rfc8 16. Rc7 Rxc7 17. Bxc7 Nc6 18. Bg3 Rc8 19. Ng5 Bf5 20. Rc1 h6 21.
Nf3 Nb4 22. Rxc8+ Bxc8 23. Bc4 Bd7 24. Bc7 Bc6 25. Kf1 e6 26. Ba5 Bf8 27. Ne5
Be8 28. Nd3 Nxd3 29. Bxd3 Bc6 30. e4 Bd6 31. g3 f5 32. f3 Kf7 33. Kf2 fxe4 34.
fxe4 e5 35. Bc3 Kf6 36. Kf3 b6 37. Bc4 a5 38. Bd5 Bd7 39. h4 g5 40. hxg5+ hxg5
41. Ke3 Bc8 42. Kf3 Bd7 43. Ke3 g4 44. Kd3 Bc8 45. Ke3 Ba6 46. Kd2 Bc7 47. Ke3
Bc8 48. Kd3 Bd7 49. Ke3 b5 50. dxe5+ Bxe5 51. Bxa5 Bxg3 52. Bd8+ Kg6 53. Be7 Bc7
54. Kf2 g3+ 55. Kg2 Kh5 56. Bf6 Kg4 57. e5 Kf5 58. Kxg3 Bxe5+ 59. Bxe5 Kxe5 60.
Bb3 Kd4 61. Kf3 Kc3 62. Ke3 b4 63. Ke4 Be8 64. Ke5 Kd3 65. Kd6 Kd4 66. Kc7 Kc5
67. Kb7 Bb5 68. Ka7 Kc6 69. Bf7 Kc7 70. Bb3 Bd3 71. Bf7 Kc6 72. Bb3 Kb5 73. Kb7
Be4+ 74. Kc7 Kc5 75. Bf7 Bc2 76. Be6 Ba4 77. Bf7 Bb5 78. Bb3 Bc4 79. Bxc4 Kxc4
80. Kb6 b3 81. axb3+ Kxb3 1/2-1/2

[Event "Warsaw Chess Open - A"]
[Site "Warszawa"]
[Date "1899-12-30"]
[Round "1.15"]
[White "Lewtak, Damian"]
[Black "Piotrowski, Pawel"]
[Result "1/2-1/2"]
[WhiteTitle "IM"]
[BlackTitle "I++"]
[WhiteElo "2380"]
[BlackElo "2027"]

1. d4 Nf6 2. c3 e6 3. Bf4 c5 4. e3 Nc6 5. Nd2 b6 6. h3 Bb7 7. Ngf3 Be7 8. a3 O-O
9. Bd3 d5 10. Ne5 c4 11. Nxc6 Bxc6 12. Bc2 a5 13. a4 b5 14. axb5 Bxb5 15. O-O
Qb6 16. e4 dxe4 17. Nxe4 Nxe4 18. Bxe4 Bc6 19. Bxc6 Qxc6 20. Ra4 Qb5 21. Qc2 Ra6
22. Rfa1 Rc8 23. Qe2 h6 24. b4 Bd8 25. Qe5 Qd5 26. Qxd5 exd5 27. Re1 Kf8 28. bxa5
Rca8 29. g3 g5 30. Bd2 Rxa5 31. Rxa5 Rxa5 32. Re5 f6 33. Re3 Ra2 34. Be1 h5 35.
h4 gxh4 36. gxh4 Kf7 37. Kg2 Bc7 38. Kf3 Bd6 39. Kg2 Rc2 40. Kf1 Bc7 41. Kg2 Bf4
42. Rf3 Bc1 43. Rf5 Ke6 44. Rxh5 Bb2 45. Rh8 Bxc3 46. Bxc3 Rxc3 47. h5 Rb3 48.
h6 Rb7 49. Kf3 Kf5 50. Rd8 Rb3+ 51. Kg2 Kg6 52. Rxd5 Kxh6 53. Rc5 Rc3 54. f3 Kg6
55. Kg3 Rc1 56. Kf4 c3 57. Ke4 c2 58. Kd5 Kf7 59. Rc7+ Kg6 60. Rc5 Kf7 61. Rc4
Ke7 62. Rc7+ Ke8 63. f4 f5 64. Rc6 Kd7 65. Rc3 Ke7 66. Re3+ Kd7 67. Re2 Rf1 68.
Rxc2 Rxf4 69. Ra2 Rh4 70. Ra7+ Kd8 71. Ra6 f4 72. Rf6 f3 73. Rxf3 Rh6 74. Rf7
Rg6 75. Kc5 Rh6 76. Rf5 Rg6 77. Rh5 Rf6 78. Rd5+ Kc7 79. Kc4 Rh6 80. Re5 Kd6 81.
Rg5 Kc6 82. Rg7 Kd6 83. Ra7 Rh1 84. Ra6+ Kc7 85. Kc5 Rc1+ 86. Kd5 Rh1 87. Rf6
Kd7 88. Rf7+ Ke8 89. Rc7 Kd8 90. Rc6 Kd7 91. Rd6+ Kc7 92. Rg6 Kd7 93. Rg7+ Kd8
94. Kc5 Rh6 95. d5 Kc8 96. Rg2 Kd7 97. Re2 Rg6 98. Rh2 Kd8 99. Rh7 Kc8 100. Kd4
Kd8 101. Ke5 Ra6 102. Rf7 Ke8 103. Rc7 Rh6 104. Rc6 Rh1 105. Ra6 Kd7 106. Rd6+
Ke7 107. Rg6 Re1+ 108. Kd4 Rd1+ 109. Kc5 Rc1+ 110. Kb6 Kd7 111. d6 Rc6+ 112. Kb5
Rxd6 1/2-1/2

[Event "Warsaw Chess Open - A"]
[Site "Warszawa"]
[Date "1899-12-30"]
[Round "1.16"]
[White "Budnik, Mateusz"]
[Black "Szotkowski, Jakub"]
[Result "0-1"]
[WhiteTitle "k"]
[BlackTitle "IM"]
[WhiteElo "2024"]
[BlackElo "2366"]

1. Nf3 d5 2. b3 Nf6 3. Bb2 e6 4. e3 Be7 5. Be2 O-O 6. O-O b6 7. Ne5 Bb7 8. d4 Nbd7
9. Nd2 c5 10. Ndf3 Rc8 11. Rc1 Qc7 12. c4 dxc4 13. Bxc4 Nxe5 14. Nxe5 Rfd8 15.
Qe2 cxd4 16. exd4 Qd6 17. f4 Nd5 18. f5 Rf8 19. fxe6 fxe6 20. Rxf8+ Rxf8 21. Rf1
Rxf1+ 22. Qxf1 Bf6 23. Ng4 Bg5 24. Bxd5 Bxd5 25. Ne5 Qf8 26. Qxf8+ Kxf8 27. Ba3+
Ke8 28. Kf2 Be4 29. Bd6 Bb1 30. a3 Bc2 31. b4 Bc1 32. b5 Ba4 33. Bb8 Kd8 34. Nc6+
Kc8 35. Bd6 a5 36. Bf8 g6 37. d5 exd5 38. Ne7+ Kb7 39. Nxd5 Bxb5 40. Nf6 h5 41.
g4 hxg4 42. Nxg4 Bb2 43. Ke3 Bd7 44. Nf2 Be5 45. h3 Kc6 46. Ke4 Bg3 47. Ng4 Bxg4
48. hxg4 Bd6 0-1

[Event "Warsaw Chess Open - A"]
[Site "Warszawa"]
[Date "1899-12-30"]
[Round "1.17"]
[White "Mis, Mieszko"]
[Black "Wojdak, Jan"]
[Result "1/2-1/2"]
[WhiteTitle "FM"]
[BlackTitle "I++"]
[WhiteElo "2361"]
[BlackElo "2014"]

1. d4 Nf6 2. c4 g6 3. Nc3 d5 4. cxd5 Nxd5 5. e4 Nxc3 6. bxc3 Bg7 7. Nf3 c5 8. Bb5+
Bd7 9. Be2 cxd4 10. cxd4 Qa5+ 11. Bd2 Qa4 12. O-O O-O 13. Rb1 Qxd1 14. Re1 Qxb1
15. Rxb1 b6 16. d5 e6 17. d6 Bc6 18. Rc1 Ba4 1/2-1/2

[Event "Warsaw Chess Open - A"]
[Site "Warszawa"]
[Date "1899-12-30"]
[Round "1.18"]
[White "Zima, Teofil"]
[Black "Rudolf, Michal"]
[Result "0-1"]
[WhiteTitle "I++"]
[BlackTitle "FM"]
[WhiteElo "2004"]
[BlackElo "2359"]

1. e4 c6 2. d4 d5 3. e5 c5 4. dxc5 e6 5. a3 Bxc5 6. Qg4 Ne7 7. Bd3 Ng6 8. Nf3 Nc6
9. b4 Be7 10. Bb2 O-O 11. O-O f5 12. exf6 Bxf6 13. Bxg6 Bxb2 14. Ra2 Bf6 15. Bd3
e5 16. Bf5 e4 17. Nfd2 Bxf5 18. Qxf5 Bd4 19. Qe6+ Kh8 20. c3 Bb6 21. c4 Bxf2+
22. Rxf2 Rxf2 23. Kxf2 Qh4+ 24. Kg1 Qe1+ 25. Nf1 Rf8 0-1

[Event "Warsaw Chess Open - A"]
[Site "Warszawa"]
[Date "1899-12-30"]
[Round "2.1"]
[White "Fargac, Martin"]
[Black "Heberla, Bartlomiej"]
[Result "0-1"]
[WhiteTitle "FM"]
[BlackTitle "GM"]
[WhiteElo "2320"]
[BlackElo "2559"]

1. d4 d5 2. c4 e6 3. Nf3 Nf6 4. Nc3 Nbd7 5. cxd5 exd5 6. Bg5 c6 7. e3 Qa5 8. Bd3
Ne4 9. O-O Nxg5 10. Nxg5 Nf6 11. Qe1 Be7 12. f4 O-O 13. Qh4 h6 14. Rf3 Ne4 15.
Raf1 hxg5 16. fxg5 Bxg5 17. Qh5 Be6 18. Rg3 f6 19. b4 Qa3 20. Bxe4 dxe4 21. Nd1
Bf7 22. Qg4 Bc4 23. h4 Bxf1 24. Qe6+ Rf7 25. hxg5 fxg5 26. Nf2 Qc1 0-1

[Event "Warsaw Chess Open - A"]
[Site "Warszawa"]
[Date "1899-12-30"]
[Round "2.2"]
[White "Chatalbashev, Boris"]
[Black "Sliwicka, Alicja"]
[Result "1-0"]
[WhiteTitle "GM"]
[BlackTitle "WIM"]
[WhiteElo "2535"]
[BlackElo "2308"]

1. d4 Nf6 2. c4 g6 3. Nc3 Bg7 4. e4 O-O 5. Bg5 d6 6. Qd2 c5 7. d5 b5 8. cxb5 a6
9. bxa6 Bxa6 10. Bxa6 Nxa6 11. Nf3 Qa5 12. O-O Rfe8 13. Rfe1 Nd7 14. Bh6 Bf6 15.
Bf4 Nc7 16. a4 Red8 17. Bg5 Qb4 18. Re2 Kg7 19. h3 Nb6 20. Bxf6+ exf6 21. b3 Re8
22. Rc1 Rab8 23. Qd1 Nd7 24. Nd2 Qd4 25. Re3 f5 26. Nc4 f4 27. Rd3 Qf6 28. f3
Ne5 29. Nxe5 Rxe5 30. Rd2 Qd8 31. Nb1 f6 32. Na3 Rb4 33. Nc4 Re8 34. Rd3 Na6 35.
Qd2 g5 36. g3 fxg3 37. Qg2 f5 38. exf5 Qf6 39. Qxg3 Qxf5 40. Nxd6 Qxd3 41. Nxe8+
Kf7 42. Qxg5 Qg6 43. Qxg6+ hxg6 44. Nd6+ Ke7 45. Nc4 Rxb3 46. d6+ Kd8 47. Kf2
Nb4 48. Ne5 Rd3 49. Re1 Rd5 50. Nf7+ Kc8 51. Re8+ Kd7 52. Re7+ Kc8 53. a5 Na6
54. Ra7 Nb4 55. a6 Kb8 56. Rb7+ 1-0

[Event "Warsaw Chess Open - A"]
[Site "Warszawa"]
[Date "1899-12-30"]
[Round "2.3"]
[White "Antolak, Julia"]
[Black "Rozentalis, Eduardas"]
[Result "0-1"]
[WhiteTitle "WIM"]
[BlackTitle "GM"]
[WhiteElo "2309"]
[BlackElo "2520"]

1. e4 e5 2. Nf3 Nc6 3. Bb5 Nge7 4. c3 d6 5. d4 Bd7 6. Bg5 h6 7. Bh4 g5 8. Bg3 Bg7
9. d5 Nb8 10. Bxd7+ Nxd7 11. h4 g4 12. Nh2 h5 13. f3 f5 14. fxg4 fxg4 15. Rf1
Nf6 16. Nd2 O-O 17. Qe2 Qe8 18. Bf2 Qg6 19. g3 Rf7 20. O-O-O Raf8 21. Rde1 a6
22. Bg1 Kh7 23. Qg2 c6 24. Nc4 Nd7 25. dxc6 bxc6 26. Rxf7 Rxf7 27. Rf1 d5 28.
exd5 cxd5 29. Nd2 e4 30. Rxf7 Qxf7 31. c4 Qf6 32. cxd5 Qxb2+ 33. Kd1 Nf6 34. d6
Ned5 35. Nhf1 Bh6 36. Ba7 e3 37. d7 Nc3+ 38. Ke1 Qc1# 0-1

[Event "Warsaw Chess Open - A"]
[Site "Warszawa"]
[Date "1899-12-30"]
[Round "2.4"]
[White "Laurusas, Tomas"]
[Black "Paszewski, Mateusz"]
[Result "1-0"]
[WhiteTitle "IM"]
[BlackTitle "FM"]
[WhiteElo "2518"]
[BlackElo "2280"]

1. d4 Nf6 2. c4 e6 3. Nf3 d5 4. g3 dxc4 5. Bg2 a6 6. O-O Nc6 7. e3 Rb8 8. Nfd2
e5 9. Bxc6+ bxc6 10. dxe5 Ng4 11. Nxc4 Be6 12. Qc2 Bxc4 13. Qxc4 Nxe5 14. Qe4
Qd5 15. Nc3 Qxe4 16. Nxe4 Be7 17. b3 f5 18. Nd2 Nd3 19. Nc4 Bf6 20. Rb1 Kf7 21.
Bd2 Rhd8 22. Ba5 Rb7 23. Rfd1 Rd5 24. Kf1 Ne5 25. Nxe5+ Bxe5 26. Be1 Ke6 27. Rdc1
Kd7 28. Rc4 g6 29. Rbc1 Rd6 30. h3 h5 31. g4 hxg4 32. hxg4 Rb5 33. Ra4 Rb6 34.
Ke2 Kc8 35. gxf5 gxf5 36. Rc5 Rd5 37. Raa5 Kd7 38. Rxd5+ cxd5 39. Rxd5+ Ke6 40.
Rc5 Bd6 41. Ra5 Rc6 42. Kd3 Be5 43. Bb4 Bf6 44. Bc5 Be5 45. Bd4 Bd6 46. f4 Kd5
1-0

[Event "Warsaw Chess Open - A"]
[Site "Warszawa"]
[Date "1899-12-30"]
[Round "2.5"]
[White "Chylewski, Patryk"]
[Black "Teclaf, Pawel"]
[Result "0-1"]
[WhiteTitle "FM"]
[BlackTitle "IM"]
[WhiteElo "2290"]
[BlackElo "2514"]

1. d4 e6 2. Nf3 c5 3. c4 cxd4 4. Nxd4 Nf6 5. Nc3 Bc5 6. Nb3 Bb4 7. Bd2 Nc6 8. Rc1
O-O 9. g3 d5 10. cxd5 exd5 11. a3 Be7 12. Bg2 d4 13. Ne4 Nxe4 14. Bxe4 Bh3 15.
e3 dxe3 16. Bxe3 Ne5 17. Qxd8 Raxd8 18. Ke2 f5 19. Bf3 Nxf3 20. Kxf3 f4 21. gxf4
Be6 22. Nd2 Bd5+ 23. Ne4 Bf6 24. Bxa7 Rde8 25. Rce1 Bg5 26. Kg4 Rxf4+ 27. Kxg5
Ref8 28. Nd6 h6+ 29. Kh5 R8f5+ 30. Nxf5 Bf7# 0-1

[Event "Warsaw Chess Open - A"]
[Site "Warszawa"]
[Date "1899-12-30"]
[Round "2.6"]
[White "Sonis, Francesco"]
[Black "Karpus, Michal"]
[Result "1-0"]
[WhiteTitle "IM"]
[BlackTitle "FM"]
[WhiteElo "2501"]
[BlackElo "2271"]

1. c4 g6 2. g3 Bg7 3. d4 Nf6 4. Bg2 d5 5. cxd5 Nxd5 6. e4 Nb6 7. Ne2 c5 8. d5 O-O
9. O-O e6 10. Nec3 exd5 11. exd5 Na6 12. Nd2 Nb4 13. Nde4 c4 14. Bg5 f6 15. Be3
Nd3 16. Nc5 Nxb2 17. Qd2 Nd3 18. Nxd3 cxd3 19. Qxd3 Bf5 20. Qb5 Rc8 21. Rac1 Rf7
22. d6 Rd7 23. Qb3+ Kh8 24. Nb5 Rxc1 25. Rxc1 Nc8 26. g4 a6 27. Na3 Bxg4 28. Qc4
Nxd6 29. Qxg4 f5 30. Qa4 Ne4 31. Bb6 1-0

[Event "Warsaw Chess Open - A"]
[Site "Warszawa"]
[Date "1899-12-30"]
[Round "2.7"]
[White "Malicka, Maria"]
[Black "Janik, Igor"]
[Result "0-1"]
[WhiteTitle "FM"]
[BlackTitle "IM"]
[WhiteElo "2272"]
[BlackElo "2500"]

1. e4 c6 2. d4 d5 3. Nc3 a6 4. Bd3 dxe4 5. Nxe4 Qxd4 6. Nf3 Qd5 7. O-O Nf6 8. Qe2
Bg4 9. Bf4 Bxf3 10. Qxf3 Nbd7 11. Rfe1 e6 12. Rad1 Qh5 13. Nd6+ Bxd6 14. Qxh5
Nxh5 15. Bxd6 Nhf6 16. c4 O-O-O 17. b4 Nb6 18. Be5 Rd7 19. Kf1 Rhd8 20. Ke2 Ng4
21. Bxg7 Nxf2 22. Kxf2 Rxd3 23. Rxd3 Rxd3 24. Re4 Rd2+ 25. Kf3 Kd7 26. Bf6 h5
27. Bg5 Rxa2 28. Rd4+ Kc8 29. Rd8+ Kc7 30. Rf8 Nxc4 31. Rxf7+ Kb6 32. Rh7 Ra3+
33. Ke4 a5 34. Kd4 Nd6 35. Bd8+ Ka6 36. bxa5 Ra2 37. Ke5 Rd2 38. Kxe6 Ne4 39.
Rh8 c5 40. Ke5 Nc3 41. Bb6 Na4 42. Bc7 c4 43. Ke4 c3 44. Rh6+ Kb5 45. Rxh5+ Kc4
46. Ke3 Rd4 47. Rf5 c2 48. Rf1 Rd1 49. Rf4+ Kb3 50. Kd4 0-1

[Event "Warsaw Chess Open - A"]
[Site "Warszawa"]
[Date "1899-12-30"]
[Round "2.8"]
[White "Jakubowski, Krzysztof"]
[Black "Chyzy, Jakub"]
[Result "0-1"]
[WhiteTitle "GM"]
[BlackTitle "FM"]
[WhiteElo "2497"]
[BlackElo "2257"]

1. e4 e5 2. Nf3 Nc6 3. Bc4 Nf6 4. Ng5 d5 5. exd5 Na5 6. Bb5+ c6 7. dxc6 bxc6 8.
Bd3 Nd5 9. h4 Nf4 10. Bf1 h6 11. Ne4 f5 12. Ng3 Bc5 13. c3 Bb6 14. b4 Nb7 15.
d4 Qe7 16. Ne2 Nd5 17. dxe5 Qxe5 18. Bb2 Be6 19. Qc1 Qe4 20. Rh3 f4 21. Nd2 Qg6
22. c4 Nxb4 23. Nxf4 Nc2+ 24. Kd1 Bg4+ 25. f3 Ne3+ 26. Ke1 Qf5 27. fxg4 Qxf4 28.
Rf3 Qxg4 29. c5 Bxc5 30. Ba6 Nxg2+ 31. Kf1 Rf8 32. Rxf8+ Kxf8 33. Bxb7 Ne3+ 34.
Ke1 Nc2+ 35. Kf1 Qf4+ 36. Ke2 Re8+ 37. Kd3 Nb4+ 0-1